|
|
|
|
| LEADER |
01961nam a2200409 i 4500 |
| 001 |
EBC5568961 |
| 003 |
MiAaPQ |
| 005 |
20220527191231.0 |
| 006 |
m o d | |
| 007 |
cr cnu|||||||| |
| 008 |
220527s2019 enka o 000 0 eng d |
| 020 |
|
|
|z 9781787569249
|q (print)
|
| 020 |
|
|
|a 9781787569232
|q (electronic bk.)
|
| 035 |
|
|
|a (MiAaPQ)EBC5568961
|
| 035 |
|
|
|a (Au-PeEL)EBL5568961
|
| 035 |
|
|
|a (OCoLC)1059513586
|
| 040 |
|
|
|a MiAaPQ
|b eng
|e rda
|e pn
|c MiAaPQ
|d MiAaPQ
|
| 050 |
|
4 |
|a HT241
|b .A498 2019
|
| 082 |
0 |
|
|a 307.1416
|2 23
|
| 100 |
1 |
|
|a Al-Zu'bi, Maha,
|e author.
|
| 245 |
1 |
0 |
|a SDG11 - sustainable cities and communities :
|b towards inclusive, safe, and resilient settlements /
|c Maha Al-Zu'bi, Vesela Radovic.
|
| 264 |
|
1 |
|a Bingley, England :
|b Emerald Publishing,
|c [2019]
|
| 264 |
|
4 |
|c Ã2019
|
| 300 |
|
|
|a 1 online resource (xi, 128 pages) :
|b illustrations.
|
| 336 |
|
|
|a text
|b txt
|2 rdacontent
|
| 337 |
|
|
|a computer
|b c
|2 rdamedia
|
| 338 |
|
|
|a online resource
|b cr
|2 rdacarrier
|
| 490 |
1 |
|
|a Concise guides to the United Nations Sustainable Development Goals ;
|v Volume 11
|
| 588 |
|
|
|a Description based on print version record.
|
| 590 |
|
|
|a Electronic reproduction. Ann Arbor, MI : ProQuest, 2018. Available via World Wide Web. Access may be limited to ProQuest affiliated libraries.
|
| 650 |
|
0 |
|a Sustainable urban development.
|
| 655 |
|
4 |
|a Electronic books.
|
| 700 |
1 |
|
|a Radovic, Vesela,
|e author.
|
| 776 |
0 |
8 |
|i Print version:
|a Al-Zu'bi, Maha.
|t SDG11 - sustainable cities and communities : towards inclusive, safe, and resilient settlements.
|d Bingley, England : Emerald Publishing, c2019
|h xi, 128 pages
|k Concise guides to the United Nations Sustainable Development Goals ; Volume 11.
|z 9781787569249
|
| 797 |
2 |
|
|a ProQuest (Firm)
|
| 830 |
|
0 |
|a Concise guides to the United Nations Sustainable Development Goals ;
|v Volume 11.
|
| 856 |
4 |
0 |
|u https://ebookcentral.proquest.com/lib/matrademy/detail.action?docID=5568961
|z Click to View
|